000 00637nam a2200229Ia 4500
003 GCL
008 140319s9999 xx 000 0 ara d
040 _aGCL /
_cGCL
082 0 4 _aق
_b962.064
_bت ط
100 1 _aخيرى حماد
245 1 0 _aالطريق الى السويس /
_cخيرى حماد
700 1 _aتشايلدرز، ارسكين
300 _a494 ص
490 _a
650 0 4 _aالعصر الحديث
650 0 4 _aمصر
650 0 4 _aتاريخ
650 0 4 _aالسد العالى
650 0 4 _aقناة السويس
650 0 4 _aالاعتداء الثلاثى على مصر 1956
942 _2ddc
_cBK
999 _c39232
_d39232